Statistics for Random Countries Blurred on the South American Map

Click here to take the quiz!

General Stats

  • This quiz has been taken 45 times
  • The average score is 4 of 5

Answers on the Map

Answers color-coded by a green-red scale on the quiz's map according to % correct below.
 

Answer Stats

Country% Correct
Brazil
100%
Chile
100%
Colombia
100%
Ecuador
100%
Peru
100%
Venezuela
100%
Argentina
67%
Bolivia
50%
Guyana
50%
Suriname
33%
Paraguay
0%
Uruguay
0%

Score Distribution

Percentile by Number Answered

Percent of People with Each Score

Your Score History

You have not taken this quiz